[Event "Staatsmeisterschaft 2001"]
[Site "Mureck (Austria)"]
[Date "2001.08.14"]
[Round "10.4"]
[White "Mahdy, Khaled"]
[Black "Rolletschek, Heinrich"]
[Result "1-0"]
[WhiteElo "2348"]
[BlackElo "2340"]
[PlyCount "203"]
[EventDate "2001.08.14"]

1. e4 e5 2. Nf3 Nc6 3. Bb5 a6 4. Ba4 d6 5. Bxc6+ bxc6 6. d4 f6 7. h3 g6 8. Be3
Nh6 9. dxe5 fxe5 10. c4 Nf7 11. Nc3 Be6 12. b3 Bg7 13. Qd2 O-O 14. h4 h6 15.
Ng1 Qe7 16. Nge2 Rfd8 17. Qc2 Rdb8 18. h5 g5 19. Rd1 Nd8 20. Ng3 Qf7 21. Nf5 c5
22. g4 Nc6 23. Rh3 Nd4 24. Qc1 Kh7 25. Kf1 Bf6 26. Ne2 Qd7 27. Bxd4 cxd4 28.
Rf3 Be7 29. Qc2 Bf8 30. Nc1 Qc6 31. Re1 a5 32. a4 Qb6 33. Rd1 c6 34. Kg2 Ra7
35. Kh3 Rf7 36. Qe2 Qb4 37. Kg3 Qb6 38. Kg2 Qd8 39. Re1 Rfb7 40. Rd3 Qd7 41.
Rf3 Be7 42. Qc2 Bf8 43. Rh1 Qd8 44. Re1 Qb6 45. Rd1 Qb4 46. Qe2 Qa3 47. Qc2 Rf7
48. Rd2 Qb4 49. Re2 Rbb7 50. Rg3 Qb6 51. Rf3 Be7 52. Re1 Qa7 53. Rg3 Qb8 54.
Kg1 Rf6 55. Nxd4 exd4 56. e5+ Bf5 57. gxf5 dxe5 58. Qe4 Bd6 59. Kg2 Qc8 60. c5
Bxc5 61. Qxe5 Qxf5 62. Qxf5+ Rxf5 63. Re6 Rc7 64. Nd3 Bf8 65. Rf3 Rxf3 66. Kxf3
Rb7 67. Rxc6 Rxb3 68. Rc7+ Kg8 69. Ke4 Ra3 70. Rc8 Rxa4 71. Ne5 d3+ 72. Kxd3
Rf4 73. f3 Kg7 74. Rc6 a4 75. Ra6 a3 76. Ke2 Rf5 77. Ng4 Kf7 78. Ke3 Rb5 79.
Ke4 Rb4+ 80. Kd5 Rf4 81. Ra7+ { } 81... Ke8 82. Ne5 Rf6 83. Ra8+ Ke7 84. Ng6+
Rxg6 85. hxg6 Bg7 86. Ke4 Bb2 87. Ra7+ Kf6 88. Ra6+ Kg7 89. Kf5 Kg8 90. Ra8+
Kg7 91. Ra7+ Kg8 92. g7 Bxg7 93. Rxa3 Kh7 94. Ra7 Kg8 95. Kg6 Bf8 96. Ra8 h5
97. Kxh5 Kf7 98. Kxg5 Be7+ 99. Kf5 Bf6 100. Ra7+ Be7 101. Rd7 Kf8 102. Ke6 1-0

[Event "Staatsmeisterschaft 2001"]
[Site "Mureck (Austria)"]
[Date "2001.08.14"]
[Round "10.6"]
[White "Baumegger, Siegfried"]
[Black "Weinzettl, Ernst"]
[Result "1/2-1/2"]
[WhiteElo "2357"]
[BlackElo "2413"]
[PlyCount "128"]
[EventDate "2001.08.14"]

1. c4 Nf6 2. Nc3 e6 3. e4 d5 4. e5 Ne4 5. Nf3 Be7 6. Qc2 Nc6 7. Nxe4 Nb4 8. Qb1
dxe4 9. Qxe4 Bd7 10. Nd4 Ba4 11. b3 Qxd4 12. Qxd4 Nc2+ 13. Kd1 Nxd4 14. bxa4
O-O-O 15. Rb1 Nc6 16. f4 g5 17. d3 gxf4 18. Bxf4 Rhg8 19. g3 Bg5 20. Ke2 Bxf4
21. gxf4 Rg4 22. Kf3 h5 23. Ke3 Nd4 24. Bh3 Nf5+ 25. Kd2 Rxf4 26. Rbf1 Rxc4 27.
Bxf5 exf5 28. Rxf5 Rxa4 29. Ke3 Ra3 30. Rd1 Re8 31. Rd2 Re7 32. Rxh5 f6 33. Ke4
fxe5 34. Rxe5 Rh7 35. Kf4 Ra4+ 36. Re4 Rh4+ 37. Kf5 Ra5+ 38. Kg6 Rh3 39. Re7
Rc5 40. Rh7 Rc6+ 41. Kg7 Re3 42. Kf7 Rd6 43. Rh8+ Kd7 44. Rh7 c5 45. Rc2 Kc6
46. Rh8 b6 47. h4 Rexd3 48. h5 Rf3+ 49. Kg7 Rg3+ 50. Kf7 Rh3 51. Kg7 Rd7+ 52.
Kg6 Rc7 53. a4 { } 53... a6 54. Re8 b5 55. Re6+ Kb7 56. Rd2 Rg3+ 57. Kf6 Rh7
58. Rh2 Rh6+ 59. Ke7 Rg7+ 60. Kd6 Rxe6+ 61. Kxe6 Kc6 62. h6 Rh7 63. Ke5 Kb6 64.
Kd5 c4 1/2-1/2

[Event "Staatsmeisterschaft 2001"]
[Site "Mureck (Austria)"]
[Date "2001.08.14"]
[Round "10.8"]
[White "Sommerbauer, Norbert"]
[Black "Volkmann, Friedrich Karl"]
[Result "1/2-1/2"]
[WhiteElo "2422"]
[BlackElo "2406"]
[PlyCount "27"]
[EventDate "2001.08.14"]

1. e4 c5 2. Nf3 Nc6 3. Bb5 e6 4. O-O Nge7 5. c3 a6 6. Be2 d5 7. exd5 Nxd5 8. d4
Be7 9. c4 Nf6 10. dxc5 Bxc5 11. Qxd8+ Kxd8 12. Nc3 Ke7 13. a3 Nd4 14. Bd1 {.}
1/2-1/2

[Event "Staatsmeisterschaft 2001"]
[Site "Mureck (Austria)"]
[Date "2001.08.15"]
[Round "11.1"]
[White "Volkmann, Friedrich Karl"]
[Black "Lendwai, Reinhard"]
[Result "1-0"]
[WhiteElo "2406"]
[BlackElo "2380"]
[PlyCount "113"]
[EventDate "2001.08.15"]

1. Nf3 c5 2. c4 Nf6 3. g3 d5 4. d4 e6 5. cxd5 Nxd5 6. Bg2 Nc6 7. O-O Be7 8.
dxc5 Bxc5 9. Qc2 Be7 10. Rd1 O-O 11. e4 Ndb4 12. Qe2 Qa5 13. Nc3 Rd8 14. a3 Qa6
15. Rxd8+ Nxd8 16. Qd1 Nbc6 17. Be3 Qa5 18. Nd2 Ne5 19. Bf1 Qc7 20. Rc1 Ndc6
21. f4 Ng6 22. Nc4 { } 22... Qd8 23. Qxd8+ Bxd8 24. Nb5 Nge7 25. Nbd6 b6 26.
Nxc8 Rxc8 27. Nd6 Rc7 28. Bb5 e5 29. Kf2 exf4 30. gxf4 Na5 31. b4 Rxc1 32. Bxc1
Nac6 33. Ke3 Bc7 34. Nc8 Nxc8 35. Bxc6 Ne7 36. Bd7 Ng6 37. e5 Kf8 38. Ke4 Ke7
39. Bf5 Nf8 40. b5 g6 41. Bh3 Ne6 42. Kd5 { } 42... Kd7 43. f5 gxf5 44. Bxf5 h5
45. Bg5 Bb8 46. h4 Bc7 47. Bf6 Bb8 48. a4 Bc7 49. Bxe6+ fxe6+ 50. Ke4 Ke8 51.
Kf4 Kf7 52. Kg5 Kg8 53. Kxh5 Kh7 54. Kg5 Bb8 55. h5 Bc7 56. h6 Bb8 57. Bg7 1-0

[Event "Staatsmeisterschaft 2001"]
[Site "Mureck (Austria)"]
[Date "2001.08.15"]
[Round "11.4"]
[White "Neubauer, Martin"]
[Black "Baumegger, Siegfried"]
[Result "0-1"]
[WhiteElo "2370"]
[BlackElo "2357"]
[PlyCount "108"]
[EventDate "2001.08.15"]

1. e4 e5 2. Nf3 Nc6 3. Bc4 Nf6 4. d3 Bc5 5. O-O d6 6. c3 Bb6 7. Bb3 O-O 8. Nbd2
Ne7 9. h3 c6 10. Re1 Ng6 11. Nf1 Nh5 12. Nxe5 Nxe5 13. Qxh5 Nxd3 14. Re2 Qf6
15. Be3 Bxe3 16. fxe3 16... Qe5 { } 17. Qf3 Be6 18. Rd1 Nc5 19. Nd2 Rad8 20.
Rf1 Rd7 21. Qf4 Re8 22. Bc2 b5 23. Qxe5 dxe5 24. a3 Red8 25. Rff2 f6 26. Kh2 a5
27. Kg3 Rb8 28. b4 Nd3 29. Bxd3 Rxd3 30. Nb1 Bc4 31. Re1 Rbd8 32. Kf3 a4 33.
Rc2 Bb3 34. Rcc1 Ba2 35. Rc2 Bc4 36. Rcc1 Kf7 37. Rc2 Ke7 38. Rcc1 Bb3 39. Ke2
Ba2 40. Rc2 Bc4 41. Kf3 Rd1 42. Rc1 Rxe1 43. Rxe1 Rd3 44. Rc1 Ba2 45. Ke2 Bxb1
46. Rxb1 Rxc3 47. Ra1 Rc2+ 48. Kf3 Ke6 49. h4 h5 50. g4 hxg4+ 51. Kxg4 Rc3 52.
Kf3 Kf7 53. h5 Kg8 54. Ra2 Kh7 0-1

[Event "Staatsmeisterschaft 2001"]
[Site "Mureck (Austria)"]
[Date "2001.08.15"]
[Round "11.5"]
[White "Rolletschek, Heinrich"]
[Black "Wukits, Rene"]
[Result "1/2-1/2"]
[WhiteElo "2340"]
[BlackElo "2269"]
[PlyCount "20"]
[EventDate "2001.08.15"]

1. e4 c5 2. g3 d5 3. d3 dxe4 4. dxe4 Qxd1+ 5. Kxd1 Nc6 6. c3 Nf6 7. f3 b6 8.
Be3 Bb7 9. Nd2 O-O-O 10. Kc2 10... e6 {.} 1/2-1/2

[Event "Staatsmeisterschaft 2001"]
[Site "Mureck (Austria)"]
[Date "2001.08.15"]
[Round "11.6"]
[White "Stanec, Nikolaus"]
[Black "Mahdy, Khaled"]
[Result "1/2-1/2"]
[WhiteElo "2530"]
[BlackElo "2348"]
[PlyCount "24"]
[EventDate "2001.08.15"]

1. Nf3 g6 2. c4 Bg7 3. Nc3 c5 4. g3 Nc6 5. Bg2 d6 6. O-O e6 7. a3 Nge7 8. Rb1
O-O 9. d3 b6 10. Bd2 Bb7 11. e4 Qd7 12. Ne1 12... f5 { } 1/2-1/2

[Event "Staatsmeisterschaft 2001"]
[Site "Mureck (Austria)"]
[Date "2001.08.15"]
[Round "11.7"]
[White "Wach, Markus"]
[Black "Brandner, Stefan"]
[Result "1-0"]
[WhiteElo "2377"]
[BlackElo "2276"]
[PlyCount "55"]
[EventDate "2001.08.15"]

1. e4 e5 2. Nf3 Nc6 3. Bb5 a6 4. Ba4 Nf6 5. d4 exd4 6. O-O Be7 7. e5 Ne4 8.
Nxd4 Nxd4 9. Qxd4 Nc5 10. Nc3 O-O 11. Rd1 Nxa4 12. Qxa4 { } 12... b5 13. Nxb5
Rb8 14. Nd4 Rb4 15. Qa5 Bb7 16. a3 Rb6 17. Qc3 Rg6 18. g3 Qc8 19. Bf4 Ba8 20.
f3 d6 21. exd6 Bxd6 22. Bxd6 Rxd6 23. Rd3 f5 24. Re1 Qd7 25. Re5 f4 26. g4 { }
26... Rd8 27. Nf5 Rxd3 28. cxd3 1-0

[Event "Staatsmeisterschaft 2001"]
[Site "Mureck (Austria)"]
[Date "2001.08.15"]
[Round "11.8"]
[White "Weiss, Christian"]
[Black "Fahrner, Kurt"]
[Result "1-0"]
[WhiteElo "2403"]
[BlackElo "2365"]
[PlyCount "151"]
[EventDate "2001.08.15"]

1. d4 d5 2. c4 c6 3. Nc3 Nf6 4. Nf3 dxc4 5. a4 Na6 6. e3 Bg4 7. Bxc4 e6 8. Qe2
Nb4 9. O-O Be7 10. Rd1 O-O 11. h3 Bh5 12. Bb3 Rc8 13. e4 c5 14. dxc5 Qa5 15. e5
Nfd5 16. Nxd5 exd5 17. Bd2 Qxc5 18. Rac1 Qb6 19. Rxc8 Rxc8 20. Bxb4 Qxb4 21.
Bxd5 Qxa4 22. Bxb7 Rc2 23. Rd2 Rc1+ 24. Kh2 Bg6 25. Rd4 { } 25... Qc2 26. Qb5
Bf8 27. Rd8 Qc5 28. Qe8 Rf1 29. Bd5 Rxf2 30. e6 30... Rxf3 { } 31. Bxf3 fxe6
32. Qxe6+ Bf7 33. Qd7 Qe5+ 34. g3 Qxb2+ 35. Bg2 Qf6 36. Ra8 h5 37. Qd8 Qxd8 38.
Rxd8 a5 39. Ra8 a4 40. Rxa4 Be7 41. Ra8+ Bf8 42. Rd8 g6 43. Bd5 Bxd5 44. Rxd5
Kf7 45. Kg2 Ke6 46. Rb5 Bh6 47. Kf3 Bd2 48. Ke4 Be1 49. Rb6+ Kf7 50. Rb3 Kf6
51. Kd5 Ba5 52. Rf3+ Kg5 53. Ke6 Bc7 54. Kf7 h4 55. g4 Be5 56. Ke6 Bf4 57. Kd5
Bd2 58. Ke4 Bc1 59. Rd3 Bb2 60. Rd5+ Kf6 61. Kd3 Be5 62. Kc4 Bg3 63. Kc5 Ke6
64. Kc6 Bh2 65. Rb5 Bg3 66. Kb7 Bf4 67. Kc8 Ke7 68. Rb6 Bd6 69. Ra6 Ke6 70. Kd8
Kd5 71. Kd7 Bf4 72. Rxg6 Ke4 73. Ke6 Kf3 74. Kf5 Bg3 75. g5 Kg2 76. Kg4 1-0

[Event "Staatsmeisterschaft 2001"]
[Site "Mureck (Austria)"]
[Date "2001.08.16"]
[Round "12.1"]
[White "Lendwai, Reinhard"]
[Black "Fahrner, Kurt"]
[Result "1-0"]
[WhiteElo "2380"]
[BlackElo "2365"]
[PlyCount "81"]
[EventDate "2001.08.16"]

1. e4 Nf6 2. e5 Nd5 3. d4 d6 4. Nf3 Bg4 5. Be2 c6 6. O-O Bxf3 7. Bxf3 dxe5 8.
dxe5 e6 9. Nd2 Qc7 10. Re1 Nd7 11. Nc4 N7b6 12. Qe2 Nxc4 13. Qxc4 b5 14. Qe2
Rb8 15. a4 b4 16. Qc4 Rc8 17. Bd2 Qb8 18. Rad1 a5 19. c3 g6 20. Bg5 { } 20...
Be7 21. Bxe7 Nxe7 22. Qc5 bxc3 23. bxc3 Qc7 24. Rd6 O-O 25. Red1 Rfd8 26. g3
Nf5 27. Rxd8+ Rxd8 28. Rxd8+ Qxd8 29. Qxc6 Kg7 30. Qc5 h5 31. h3 Qd3 32. Kg2
Qc2 33. Bc6 g5 34. Kh2 h4 35. g4 Ng3 36. Bf3 Qd3 37. Bg2 Ne2 38. Qe7 Qd2 39.
Qf6+ Kf8 40. Qh8+ Ke7 41. Bc6 1-0

[Event "Staatsmeisterschaft 2001"]
[Site "Mureck (Austria)"]
[Date "2001.08.16"]
[Round "12.2"]
[White "Brandner, Stefan"]
[Black "Weiss, Christian"]
[Result "1-0"]
[WhiteElo "2276"]
[BlackElo "2403"]
[PlyCount "57"]
[EventDate "2001.08.16"]

1. e4 c6 2. d4 g6 3. Nc3 d5 4. Qf3 dxe4 5. Nxe4 Bg7 6. Bc4 Nf6 7. Ne2 Nbd7 8.
h4 Nb6 9. Bb3 a5 10. Nxf6+ Bxf6 11. a4 h5 12. Qg3 Nd5 13. Bg5 Bf5 14. Bxf6 Nxf6
15. f3 Qb6 16. O-O-O Qb4 17. Qe5 O-O 18. g4 hxg4 19. Ng3 { } 19... Bd7 20. h5
g5 21. Ne4 Nd5 22. Nc5 f6 23. Bxd5+ cxd5 24. Qxd5+ Rf7 25. Qxd7 b6 26. Qd5 bxc5
27. Qxa8+ Kh7 28. Qe4+ f5 29. Qe6 1-0

[Event "Staatsmeisterschaft 2001"]
[Site "Mureck (Austria)"]
[Date "2001.08.16"]
[Round "12.3"]
[White "Mahdy, Khaled"]
[Black "Wach, Markus"]
[Result "1/2-1/2"]
[WhiteElo "2348"]
[BlackElo "2377"]
[PlyCount "37"]
[EventDate "2001.08.16"]

1. e4 c6 2. d4 d5 3. Nd2 dxe4 4. Nxe4 Bf5 5. Ng3 Bg6 6. h4 h6 7. Nf3 Nf6 8. h5
Bh7 9. Bd3 Bxd3 10. Qxd3 e6 11. Bd2 c5 12. Ne4 Nxe4 13. Qxe4 Nc6 14. dxc5 Bxc5
15. O-O-O Qe7 16. Bc3 16... O-O { } 17. Rh4 f5 18. Qe2 e5 19. Rh3 1/2-1/2

[Event "Staatsmeisterschaft 2001"]
[Site "Mureck (Austria)"]
[Date "2001.08.16"]
[Round "12.5"]
[White "Baumegger, Siegfried"]
[Black "Rolletschek, Heinrich"]
[Result "1-0"]
[WhiteElo "2357"]
[BlackElo "2340"]
[PlyCount "89"]
[EventDate "2001.08.16"]

1. e4 e5 2. Nf3 Nc6 3. d4 exd4 4. Nxd4 Nf6 5. Nxc6 bxc6 6. e5 Nd5 7. c4 Bb4+ 8.
Bd2 Bxd2+ 9. Qxd2 Ne7 10. Nc3 Ng6 11. O-O-O O-O 12. f4 f6 13. e6 d6 14. f5
14... Ne5 { } 15. Be2 Qe7 16. g4 Bb7 17. Rhg1 c5 18. h4 Kh8 19. Rg3 g6 20. Rdg1
Rg8 21. Nd5 Bxd5 22. cxd5 g5 23. Rh1 Rab8 24. Rgh3 gxh4 25. Rxh4 Rg7 26. Rh6
Rf8 27. Qf4 c6 28. dxc6 Nxc6 29. Qe4 Nd4 30. Bd1 Kg8 31. Bb3 Nxb3+ 32. axb3 Rb8
33. g5 Rxg5 34. Rxh7 Qxh7 35. Rxh7 Kxh7 36. Qc6 Rbg8 37. Qh1+ Kg7 38. Qe4 { }
38... Re8 39. Qb7+ Kh6 40. Qf7 Reg8 41. Qxf6+ Kh5 42. Qf7+ Kh6 43. Kb1 R8g7 44.
Qf8 Kh7 45. e7 1-0

[Event "Staatsmeisterschaft 2001"]
[Site "Mureck (Austria)"]
[Date "2001.08.17"]
[Round "13.1"]
[White "Pilaj, Herwig"]
[Black "Lendwai, Reinhard"]
[Result "0-1"]
[WhiteElo "2297"]
[BlackElo "2380"]
[PlyCount "94"]
[EventDate "2001.08.17"]

1. e4 c5 2. Nc3 Nc6 3. f4 e6 4. Nf3 Nge7 5. g3 d5 6. d3 b6 7. Bg2 dxe4 8. Nxe4
Bb7 9. Ne5 Qc7 10. O-O h5 11. Qe1 Nf5 12. Bh3 Be7 13. Bd2 Nxe5 14. fxe5 g6 15.
Bf4 O-O-O 16. a4 a6 17. Rd1 c4 18. Rf2 Kb8 19. b3 cxd3 20. cxd3 Bc5 21. Nxc5
Qxc5 22. Rc1 Qd4 23. Qc3 Rc8 24. Qxd4 Nxd4 25. Rxc8+ 25... Rxc8 { } 26. Be3
Nf3+ 27. Kf1 Rc3 28. Bg2 Nxh2+ 29. Kg1 Ng4 30. Re2 Rxd3 31. Bxb7 Kxb7 32. Bf4
g5 33. Bxg5 Rxg3+ 34. Rg2 Rxg2+ 35. Kxg2 Nxe5 36. Kh3 Ng6 37. Bf6 Kc6 38. Kg3
Kd5 39. Kf3 b5 40. a5 e5 41. Ke3 Nf4 42. Bg5 Ne6 43. Bf6 Nc5 44. b4 Ne6 45. Be7
Nd4 46. Kd3 f5 47. Bc5 f4 0-1

[Event "Staatsmeisterschaft 2001"]
[Site "Mureck (Austria)"]
[Date "2001.08.17"]
[Round "13.2"]
[White "Weinzettl, Ernst"]
[Black "Volkmann, Friedrich Karl"]
[Result "1-0"]
[WhiteElo "2413"]
[BlackElo "2406"]
[PlyCount "79"]
[EventDate "2001.08.17"]

1. e4 c5 2. Nf3 Nc6 3. Bb5 e6 4. O-O Nge7 5. b3 a6 6. Bxc6 Nxc6 7. Bb2 b5 8. c4
bxc4 9. bxc4 Rb8 10. Bc3 f6 11. Nh4 g6 12. f4 Kf7 13. f5 exf5 14. exf5 Nd4 15.
fxg6+ hxg6 16. Qg4 Rh6 17. Bxd4 cxd4 18. Qxd4 Qb6 19. Qxb6 Rxb6 20. Nf3 d5 21.
cxd5 { } 21... Bc5+ 22. d4 Bb4 23. a3 Be7 24. Nbd2 Rd6 25. Rac1 Bb7 26. Ne4
Rxd5 27. Rc7 Ba8 28. Re1 Rd8 29. Nd6+ Kf8 30. Rcxe7 Bxf3 31. gxf3 Rh4 32. Rf7+
Kg8 33. Rxf6 Rxd4 34. Rxg6+ Kh7 35. Ree6 Rd3 36. Rh6+ Kg8 37. Reg6+ Kf8 38.
Rh8+ Ke7 39. Rh7+ Kf8 40. Rf7# 1-0

[Event "Staatsmeisterschaft 2001"]
[Site "Mureck (Austria)"]
[Date "2001.08.17"]
[Round "13.6"]
[White "Wach, Markus"]
[Black "Wukits, Rene"]
[Result "1-0"]
[WhiteElo "2377"]
[BlackElo "2269"]
[PlyCount "73"]
[EventDate "2001.08.17"]

1. e4 d5 2. exd5 Nf6 3. d4 Nxd5 4. Nf3 Bg4 5. c4 Nb6 6. c5 N6d7 7. Bc4 e6 8.
Be3 c6 9. Nbd2 Be7 10. h3 Bh5 11. b4 O-O 12. Rc1 Nf6 13. Qb3 Nd5 14. g4 f5 15.
gxh5 f4 16. Rg1 b5 17. Bd3 Kh8 18. Qb1 fxe3 19. fxe3 Nxe3 20. Bxh7 Nf5 21. Bxf5
Rxf5 22. h6 gxh6 23. Qe4 { } 23... Qe8 24. Ne5 Bg5 25. h4 Bf6 26. Ng6+ Kh7 27.
Nf4 Bxh4+ 28. Kd1 Bg5 29. Nxe6 Qh5+ 30. Kc2 Qg6 31. Rcf1 Rxf1 32. Rxf1 Qxe4+
33. Nxe4 Na6 34. a3 Kg6 35. N6xg5 hxg5 36. Rf6+ Kh5 37. Rxc6 1-0

[Event "Staatsmeisterschaft 2001"]
[Site "Mureck (Austria)"]
[Date "2001.08.17"]
[Round "13.7"]
[White "Weiss, Christian"]
[Black "Mahdy, Khaled"]
[Result "1/2-1/2"]
[WhiteElo "2403"]
[BlackElo "2348"]
[PlyCount "97"]
[EventDate "2001.08.17"]

1. c4 g6 2. Nc3 Bg7 3. Nf3 c5 4. d4 cxd4 5. Nxd4 Nc6 6. Nb3 Nf6 7. e4 d6 8. Be2
O-O 9. Be3 Be6 10. f3 a5 11. Na4 Nd7 12. Rc1 Rc8 13. O-O b6 14. f4 Nc5 15.
Nbxc5 bxc5 16. f5 Bd7 17. Nc3 Nd4 18. Bd3 e6 19. fxe6 fxe6 20. Rxf8+ Qxf8 21.
Qd2 Qd8 22. Rf1 Bc6 23. Bh6 Qc7 24. Bxg7 Qxg7 25. Qf4 e5 26. Qd2 Qb7 27. Qf2
Qe7 28. Nb5 Kg7 29. a4 Bd7 30. Qd2 Rf8 31. Rxf8 Kxf8 32. Nxd4 exd4 33. b3 Bc6
34. h3 Kg7 35. Qxa5 35... Qb7 { } 36. Qd8 Qxb3 37. Qe7+ Kg8 38. Qd8+ Kg7 39.
Qc7+ Kh6 40. Qxc6 Qxd3 41. Qxd6 Qe3+ 42. Kh2 d3 43. a5 d2 44. a6 Qd4 45. Qxd4
cxd4 46. a7 d1=Q 47. a8=Q Qf1 48. e5 Qf4+ 49. g3 1/2-1/2

[Event "Staatsmeisterschaft 2001"]
[Site "Mureck (Austria)"]
[Date "2001.08.17"]
[Round "13.8"]
[White "Fahrner, Kurt"]
[Black "Brandner, Stefan"]
[Result "0-1"]
[WhiteElo "2365"]
[BlackElo "2276"]
[PlyCount "110"]
[EventDate "2001.08.17"]

1. d4 d5 2. c4 Nc6 3. cxd5 Qxd5 4. e3 e5 5. Nc3 Bb4 6. Bd2 Bxc3 7. Bxc3 exd4 8.
Ne2 Nge7 9. Nxd4 Nxd4 10. Qxd4 Qxd4 11. Bxd4 f6 12. Rc1 c6 13. Bc4 Nf5 14. Bc5
b6 15. Ba3 a5 16. b3 c5 17. e4 Nd6 18. Bd3 Ba6 19. Bxa6 Rxa6 20. O-O Kd7 21.
Rcd1 Kc6 22. Rfe1 a4 23. e5 fxe5 24. Bb2 Nf7 25. f4 axb3 26. axb3 Ra2 27. Ba1 {
} 27... Re8 28. fxe5 Re6 29. Rf1 29... Ra7 { } 30. Rd3 Nxe5 31. Rg3 g6 32. h4
Nf7 33. h5 Nd6 34. hxg6 hxg6 35. Bb2 Nf5 36. Rgf3 Re2 37. Bf6 Raa2 38. R1f2
Rxf2 39. Rxf2 Rxf2 40. Kxf2 Kd5 41. Kf3 Nd6 42. Kf4 b5 43. Bc3 b4 44. Be1 Nf7
45. g3 Ne5 46. Ke3 g5 47. Bd2 Nc6 48. g4 Nd4 49. Kd3 Nxb3 50. Bxg5 c4+ 51. Kc2
Nd4+ 52. Kb1 c3 53. Bh6 b3 54. g5 Nf3 55. Bg7 Nd2+ 0-1

[Event "Staatsmeisterschaft 2001"]
[Site "Mureck (Austria)"]
[Date "2001.08.18"]
[Round "14.1"]
[White "Lendwai, Reinhard"]
[Black "Brandner, Stefan"]
[Result "1-0"]
[WhiteElo "2380"]
[BlackElo "2276"]
[PlyCount "75"]
[EventDate "2001.08.18"]

1. e4 e5 2. Nf3 Nc6 3. Bb5 a6 4. Ba4 Nf6 5. O-O Nxe4 6. d4 b5 7. Bb3 d5 8. dxe5
Be6 9. Qd3 Bc5 10. Be3 Ne7 11. Nbd2 Bxe3 12. Qxe3 Nf5 13. Qe2 Nxd2 14. Qxd2 c5
15. c3 a5 16. Rad1 Ne7 17. Ng5 h6 18. Nxe6 fxe6 19. Qf4 Qd7 20. Bc2 { } 20...
O-O-O 21. a3 Kb7 22. b3 Rhf8 23. Qe3 Qc7 24. f4 Ka6 25. c4 bxc4 26. bxc4 d4 27.
Qe2 g6 28. Rb1 Rb8 29. Qg4 Nf5 30. Qxg6 Ne3 31. Rxb8 Rxb8 32. Rb1 Rxb1+ 33.
Bxb1 Qb6 34. Be4 d3 35. Bxd3 Qb2 36. h3 Qd4 37. Kh1 Qxf4 38. Qxe6+ 1-0

[Event "Staatsmeisterschaft 2001"]
[Site "Mureck (Austria)"]
[Date "2001.08.18"]
[Round "14.2"]
[White "Mahdy, Khaled"]
[Black "Fahrner, Kurt"]
[Result "1-0"]
[WhiteElo "2348"]
[BlackElo "2365"]
[PlyCount "63"]
[EventDate "2001.08.18"]

1. e4 Nf6 2. e5 Nd5 3. d4 d6 4. Nf3 Bg4 5. Be2 c6 6. exd6 exd6 7. O-O Be7 8.
Nbd2 Nf4 9. Re1 Nxe2+ 10. Qxe2 Na6 11. d5 c5 12. h3 Bh5 13. Nc4 Bxf3 14. Qxf3
O-O 15. a4 Qd7 16. Bd2 Rfe8 17. Bc3 Bf8 18. Ne3 Nc7 19. b3 b6 20. h4 { } 20...
Re7 21. Nf5 Rxe1+ 22. Rxe1 f6 23. Qg4 Rd8 24. Bxf6 h5 25. Qg6 Re8 26. Ne7+ Qxe7
27. Rxe7 Rxe7 28. Bxe7 Bxe7 29. Qxh5 a6 30. Qf5 Bf8 31. Qc8 Nxd5 32. Qe6+ 1-0

[Event "Staatsmeisterschaft 2001"]
[Site "Mureck (Austria)"]
[Date "2001.08.18"]
[Round "14.3"]
[White "Wukits, Rene"]
[Black "Weiss, Christian"]
[Result "0-1"]
[WhiteElo "2269"]
[BlackElo "2403"]
[PlyCount "52"]
[EventDate "2001.08.18"]

1. d4 d6 2. Nf3 Nf6 3. c4 Nbd7 4. Nc3 e5 5. e4 Be7 6. Be2 O-O 7. O-O Re8 8. Qc2
c6 9. Rb1 Qc7 10. b4 Nf8 11. dxe5 dxe5 12. c5 Bg4 13. Nd2 Ne6 14. Bxg4 Nxg4 15.
Nc4 Rad8 16. Ne2 b5 17. cxb6 axb6 18. Ne3 Nf6 19. f3 c5 20. bxc5 Bxc5 21. Kh1
Qa7 22. Nc3 Qa6 23. Re1 23... Nf4 { } 24. g3 Nd3 25. Rd1 Nxc1 26. Qxc1 Rxd1+
0-1

[Event "Staatsmeisterschaft 2001"]
[Site "Mureck (Austria)"]
[Date "2001.08.18"]
[Round "14.6"]
[White "Sommerbauer, Norbert"]
[Black "Rolletschek, Heinrich"]
[Result "1/2-1/2"]
[WhiteElo "2422"]
[BlackElo "2340"]
[PlyCount "109"]
[EventDate "2001.08.18"]

1. e4 e5 2. Nf3 Nc6 3. Nc3 Nf6 4. Bb5 Nd4 5. Ba4 Nxf3+ 6. Qxf3 c6 7. d3 d6 8.
O-O b5 9. Bb3 Be7 10. a4 b4 11. Ne2 Bg4 12. Qe3 Qb6 13. Re1 Qxe3 14. Bxe3 Be6
15. Bxe6 fxe6 16. Bd2 Rb8 17. f4 Nd7 18. b3 exf4 19. Nxf4 e5 20. Nh5 g6 21. Ng3
h5 22. Rf1 Rf8 23. Bh6 Rxf1+ 24. Rxf1 Bf6 25. Be3 a6 26. Rf3 Ke7 27. Nf1 Nf8
28. Nd2 Ne6 29. Nc4 Bg7 30. Rg3 Nf8 31. Na5 Rc8 32. Bd2 c5 33. Nc4 Ke6 34. Nb6
Rc7 35. Nd5 Rf7 36. Rf3 Rxf3 37. gxf3 Kd7 38. c3 bxc3 39. Bxc3 Ne6 40. Kf2 Bh6
41. b4 cxb4 42. Bxb4 Nf4 43. Nxf4 Bxf4 44. h3 Kc6 45. Ke2 d5 46. Kd1 { } 46...
dxe4 47. dxe4 Kb6 48. Kc2 Kc6 49. Kd3 Kb6 50. Kc4 Kc6 51. Bf8 Bg3 52. Bh6 Bh2
53. Be3 Bg3 54. Kd3 Kd6 55. Kc4 1/2-1/2

[Event "Staatsmeisterschaft 2001"]
[Site "Mureck (Austria)"]
[Date "2001.08.18"]
[Round "14.7"]
[White "Volkmann, Friedrich Karl"]
[Black "Neubauer, Martin"]
[Result "0-1"]
[WhiteElo "2406"]
[BlackElo "2370"]
[PlyCount "83"]
[EventDate "2001.08.18"]

1. e4 e6 2. d4 d5 3. Nc3 Nf6 4. Bg5 dxe4 5. Nxe4 Nbd7 6. Nf3 h6 7. Nxf6+ Nxf6
8. Bh4 c5 9. c3 cxd4 10. Nxd4 Be7 11. Bd3 O-O 12. O-O Bd7 13. Re1 Re8 14. Qb3
b6 15. Rad1 Qc7 16. Bb1 Rad8 17. Qc2 g6 18. Rd3 Nh5 19. Bxe7 Rxe7 20. Qd2 Kg7
21. Nb5 Qb8 22. g3 Nf6 23. c4 e5 24. h4 Rc8 25. Nd6 Rc6 26. Bc2 Bh3 27. Ba4
Rcc7 28. Bd1 Re6 29. Kh2 e4 30. Rd4 Rd7 31. Nb5 Rxd4 32. Nxd4 Rd6 33. Kxh3 Qd8
34. Ne6+ 34... fxe6 { } 35. Qe2 Rd2 36. Qe3 Rxd1 37. Re2 Rd3 38. Qf4 Qd6 39.
Qc1 Rd1 40. Qc3 Rd3 41. Qc2 h5 42. b4 0-1

[Event "Staatsmeisterschaft 2001"]
[Site "Mureck (Austria)"]
[Date "2001.08.18"]
[Round "14.8"]
[White "Pilaj, Herwig"]
[Black "Weinzettl, Ernst"]
[Result "0-1"]
[WhiteElo "2297"]
[BlackElo "2413"]
[PlyCount "40"]
[EventDate "2001.08.18"]

1. c4 e6 2. Nf3 d5 3. d4 c5 4. cxd5 exd5 5. Nc3 Nc6 6. Bg5 Be7 7. Bxe7 Ngxe7 8.
dxc5 d4 9. Ne4 O-O 10. Ned2 Re8 11. Nb3 Nf5 12. Qd2 Be6 13. Nc1 Bd5 14. Nd3 a5
15. h4 b6 16. Qf4 Be4 17. Rd1 17... Qd5 { } 18. Rh3 Bxd3 19. Rxd3 Nb4 20. Rd2
Qxc5 0-1

[Event "Staatsmeisterschaft 2001"]
[Site "Mureck (Austria)"]
[Date "2001.08.19"]
[Round "15.1"]
[White "Weinzettl, Ernst"]
[Black "Lendwai, Reinhard"]
[Result "0-1"]
[WhiteElo "2413"]
[BlackElo "2380"]
[PlyCount "90"]
[EventDate "2001.08.19"]

1. e4 c5 2. Nf3 d6 3. Nc3 Nf6 4. e5 dxe5 5. Nxe5 Nbd7 6. d4 Nxe5 7. dxe5 Qxd1+
8. Kxd1 Ng4 9. Bb5+ Bd7 10. e6 fxe6 11. Ke2 Bxb5+ 12. Nxb5 Kf7 13. a4 a6 14.
Nc3 g6 15. Ne4 h6 16. c3 Rc8 17. Be3 Nxe3 18. Kxe3 Bg7 19. Rad1 Rc7 20. Rd2 Rb8
21. Rhd1 Ke8 22. h4 b5 23. axb5 axb5 24. g4 c4 25. f4 b4 26. h5 gxh5 27. gxh5
bxc3 28. bxc3 Rb3 29. Rd8+ Kf7 30. Rc1 Rb5 31. Ng3 Rd5 32. Rxd5 exd5 33. Kd2
33... Ra7 { } 34. Rc2 e6 35. Rb2 Bxc3+ 36. Kxc3 Ra3+ 37. Kd4 Rxg3 38. f5 Rd3+
39. Ke5 Re3+ 40. Kd4 Re4+ 41. Kc5 c3 42. Rf2 Kf6 43. fxe6+ Kxe6 44. Rc2 Rc4+
45. Kb5 Kd6 0-1